| 000 | 00666nam a22002177a 4500 | ||
|---|---|---|---|
| 005 | 20260420110218.0 | ||
| 008 | 260420b |||||||| |||| 00| 0 eng d | ||
| 020 |
_a9788179679768 _c350 |
||
| 040 | _aMAIN | ||
| 041 | _aasm | ||
| 082 |
_a320.954 _bGOH |
||
| 100 |
_aGohain, N. _qNabin |
||
| 245 |
_aভাৰতীয় চৰকাৰ আৰু ৰাজনীতি / Bharotiya Sarkar aru Rajniti _bIndian Government and Politics |
||
| 250 | _a1st Ed. 2024 | ||
| 260 |
_aJorhat _bBidya Bhawan _c2024 |
||
| 300 |
_a398 p. ; _c14 x 22 cm |
||
| 505 | _aNEP 2nd Semester Major | ||
| 650 | _aPolitical Science | ||
| 700 | _bBora, Pankaj | ||
| 942 |
_2ddc _cBK |
||
| 999 |
_c16390 _d16390 |
||